[Event "ARG-World"]
[Site "Buenos Aires"]
[Date "1994.??.??"]
[Round "7"]
[White "Casafus, Ruben Andres"]
[Black "Lombardy, William James"]
[Result "0-1"]
[WhiteElo "2430"]
[BlackElo "2450"]
[PlyCount "72"]
[EventDate "1994.04.??"]
[EventType "schev"]
[EventRounds "10"]
[EventCountry "ARG"]
[SourceTitle "CBM 042"]
[Source "ChessBase"]
[SourceDate "1994.10.01"]
[SourceVersion "1"]
[SourceVersionDate "1994.10.01"]
[SourceQuality "1"]

1. d4 g6 2. Nf3 Bg7 3. c4 f5 4. g3 Nf6 5. Bg2 0-0 6. Nc3 d6 7. 0-0 Nc6 8. d5 Na5 9. Qa4 c5 10. dxc6 Nxc6 11. Rd1 Qa5 12. Qb3 Kh8 13. Nd5 Ne4 14. Be3 Rb8 15. Nd4 Bd7 16. Nb5 Nc5 17. Bxc5 dxc5 18. Nxe7 Be8 19. Nd5 a6 20. Nbc3 b5 21. cxb5 axb5 22. e3 b4 23. Ne2 Ne5 24. Qc2 Bf7 25. h3 Rfe8 26. Nc1 c4 27. f4 b3 28. Qb1 Bxd5 29. Bxd5 Qc5 30. fxe5 Rxe5 31. Bg2 Rxe3 32. Kh1 Qe5 33. axb3 Qxg3 34. Nd3 cxd3 35. Qc1 Be5 36. Kg1 Rf3 0-1

[Event "ARG-World"]
[Site "Buenos Aires"]
[Date "1994.??.??"]
[Round "10"]
[White "Lombardy, William James"]
[Black "Soppe, Guillermo"]
[Result "1-0"]
[WhiteElo "2450"]
[BlackElo "2430"]
[PlyCount "71"]
[EventDate "1994.04.??"]
[EventType "schev"]
[EventRounds "10"]
[EventCountry "ARG"]
[SourceTitle "CBM 042"]
[Source "ChessBase"]
[SourceDate "1994.10.01"]
[SourceVersion "1"]
[SourceVersionDate "1994.10.01"]
[SourceQuality "1"]

1. c4 e6 2. g3 d5 3. Bg2 c6 4. Nf3 Bd6 5. 0-0 f5 6. d3 Nf6 7. Nc3 0-0 8. e4 dxe4 9. dxe4 e5 10. exf5 Bxf5 11. Qb3 Qb6 12. Be3 Qxb3 13. axb3 Na6 14. h3 Bc7 15. g4 Bd3 16. Rfd1 e4 17. Nd4 Bb6 18. Nxc6 Bxe3 19. fxe3 Nc5 20. Na5 b6 21. b4 Ne6 22. Nc6 Bxc4 23. Rxa7 Rxa7 24. Nxa7 Ng5 25. Nc6 h5 26. gxh5 Nxh5 27. Ne5 Be6 28. h4 Nf3+ 29. Bxf3 exf3 30. Kf2 Bh3 31. Rd4 Bg2 32. Ne4 Nf6 33. Ng5 Re8 34. Nexf3 Bh1 35. e4 Ng4+ 36. Kg3 1-0

[Event "ARG-World"]
[Site "Buenos Aires"]
[Date "1994.??.??"]
[Round "9"]
[White "Sorin, Ariel"]
[Black "Lombardy, William James"]
[Result "1-0"]
[WhiteElo "2470"]
[BlackElo "2450"]
[PlyCount "57"]
[EventDate "1994.04.??"]
[EventType "schev"]
[EventRounds "10"]
[EventCountry "ARG"]
[SourceTitle "CBM 042"]
[Source "ChessBase"]
[SourceDate "1994.10.01"]
[SourceVersion "1"]
[SourceVersionDate "1994.10.01"]
[SourceQuality "1"]

1. d4 g6 2. c4 Bg7 3. Nc3 c5 4. d5 f5 5. h4 Bxc3+ 6. bxc3 Nf6 7. h5 Nxh5 8. e4 Nf6 9. exf5 gxf5 10. Bg5 Qa5 11. Bxf6 exf6 12. Kd2 d6 13. Bd3 Nd7 14. Qh5+ Kd8 15. Qxf5 b5 16. Ne2 bxc4 17. Nf4 cxd3 18. Ne6+ Ke8 19. Qh5+ Ke7 20. Qg4 Rf8 21. Nxf8 Ne5 22. Qg7+ Ke8 23. Nxh7 Nc4+ 24. Kxd3 Ne5+ 25. Kd2 Kd8 26. Nxf6 Bd7 27. Nxd7 Nxd7 28. Qg8+ Kc7 29. Qxa8 1-0

[Event "New York op"]
[Site "New York"]
[Date "1987.??.??"]
[Round "?"]
[White "Dimitrijevic, Darko"]
[Black "Lombardy, William James"]
[Result "1/2-1/2"]
[WhiteElo "2325"]
[BlackElo "2470"]
[PlyCount "63"]
[EventDate "1987.??.??"]
[EventType "swiss"]
[EventRounds "11"]
[EventCountry "USA"]
[SourceTitle "CBM 002"]
[Source "ChessBase"]
[SourceDate "1988.02.01"]
[SourceVersion "1"]
[SourceVersionDate "1988.02.01"]
[SourceQuality "1"]

1. e4 e5 2. Nf3 Nc6 3. Bb5 Nf6 4. Qe2 a6 5. Ba4 Be7 6. c3 b5 7. Bb3 0-0 8. 0-0 d5 9. exd5 Nxd5 10. Nxe5 Nf4 11. Qe4 Nxe5 12. d4 Bb7 13. Qxb7 Ne2+ 14. Kh1 Nxc1 15. dxe5 Nxb3 16. axb3 Qd3 17. Kg1 Bc5 18. Rxa6 Rxa6 19. Qxa6 Re8 20. b4 Bf8 21. f4 Qe3+ 22. Kh1 Qe2 23. Rg1 Rd8 24. Na3 Rd1 25. h3 Rxg1+ 26. Kxg1 Qe3+ 27. Kh1 Qc1+ 28. Kh2 Qxf4+ 29. Kh1 Qxe5 30. Nxb5 Qe1+ 31. Kh2 Qe5+ 32. Kh1 1/2-1/2

[Event "American op"]
[Site "Los Angeles"]
[Date "1987.??.??"]
[Round "5"]
[White "Lombardy, William James"]
[Black "Alburt, Lev O"]
[Result "1/2-1/2"]
[WhiteElo "2475"]
[BlackElo "2570"]
[PlyCount "33"]
[EventDate "1987.11.26"]
[EventType "swiss"]
[EventRounds "8"]
[EventCountry "USA"]
[SourceTitle "EXT 1997"]
[Source "ChessBase"]
[SourceDate "1996.11.15"]
[SourceVersion "1"]
[SourceVersionDate "1996.11.15"]
[SourceQuality "1"]

1. c4 c5 2. Nc3 Nf6 3. Nf3 e6 4. g3 d5 5. cxd5 Nxd5 6. Bg2 Be7 7. 0-0 0-0 8. e4 Nb4 9. d4 cxd4 10. Nxd4 N8c6 11. Be3 Nxd4 12. Bxd4 b6 13. a3 Nc6 14. e5 Bd7 15. Ne4 Nxd4 16. Qxd4 Bc6 17. Nd6 1/2-1/2

[Event "New York op"]
[Site "New York"]
[Date "1987.??.??"]
[Round "?"]
[White "Lombardy, William James"]
[Black "Miles, Anthony John"]
[Result "0-1"]
[WhiteElo "2470"]
[BlackElo "2565"]
[PlyCount "78"]
[EventDate "1987.??.??"]
[EventType "swiss"]
[EventRounds "11"]
[EventCountry "USA"]
[SourceTitle "CBM 002"]
[Source "ChessBase"]
[SourceDate "1988.02.01"]
[SourceVersion "1"]
[SourceVersionDate "1988.02.01"]
[SourceQuality "1"]

1. c4 e5 2. Nc3 Bb4 3. Qc2 Nf6 4. e3 0-0 5. Nge2 Re8 6. a3 Bf8 7. d4 d6 8. g3 c6 9. Bg2 Be6 10. b3 Nbd7 11. 0-0 Rc8 12. Bb2 b5 13. cxb5 cxb5 14. Qd1 Qb6 15. h3 Nb8 16. Kh2 a5 17. e4 b4 18. Na4 Qb7 19. axb4 axb4 20. d5 Bd7 21. f4 Bb5 22. fxe5 dxe5 23. Rxf6 gxf6 24. Nf4 Nd7 25. Nh5 Kh8 26. Bf3 Bxa4 27. bxa4 b3 28. Rb1 Rc2+ 29. Bg2 Qb6 30. Qf3 Qf2 31. Qxf2 Rxf2 32. Bc3 Rb8 33. h4 b2 34. Kh3 Be7 35. Ba5 Rc2 36. Bf1 Rc1 37. Bd3 Rxb1 38. Bxb1 Rc8 39. Bd2 Rc1 0-1

[Event "New York op"]
[Site "New York"]
[Date "1987.??.??"]
[Round "?"]
[White "Lombardy, William James"]
[Black "Spassky, Boris Vasilievich"]
[Result "1/2-1/2"]
[WhiteElo "2470"]
[BlackElo "2605"]
[PlyCount "32"]
[EventDate "1987.??.??"]
[EventType "swiss"]
[EventRounds "11"]
[EventCountry "USA"]
[SourceTitle "CBM 002"]
[Source "ChessBase"]
[SourceDate "1988.02.01"]
[SourceVersion "1"]
[SourceVersionDate "1988.02.01"]
[SourceQuality "1"]

1. c4 e5 2. Nc3 Nc6 3. g3 g6 4. Bg2 Bg7 5. e4 d6 6. Nge2 Nge7 7. d3 0-0 8. 0-0 Rb8 9. Nd5 b5 10. Rb1 Nd4 11. Nxd4 exd4 12. cxb5 Rxb5 13. a4 Rb8 14. Bg5 f6 15. Bd2 c5 16. b4 Nxd5 1/2-1/2

[Event "New York op"]
[Site "New York"]
[Date "1987.??.??"]
[Round "?"]
[White "Soltis, Andrew E"]
[Black "Lombardy, William James"]
[Result "1/2-1/2"]
[WhiteElo "2405"]
[BlackElo "2470"]
[PlyCount "61"]
[EventDate "1987.??.??"]
[EventType "swiss"]
[EventRounds "11"]
[EventCountry "USA"]
[SourceTitle "CBM 002"]
[Source "ChessBase"]
[SourceDate "1988.02.01"]
[SourceVersion "1"]
[SourceVersionDate "1988.02.01"]
[SourceQuality "1"]

1. e4 c5 2. Nc3 Nc6 3. Nge2 d6 4. d4 cxd4 5. Nxd4 Nf6 6. Bc4 Qb6 7. Nb3 e6 8. 0-0 Be7 9. Bg5 0-0 10. Bxf6 Bxf6 11. Qxd6 Rd8 12. Qg3 Be5 13. Qh3 Bd7 14. Kh1 Qb4 15. Bd3 Bxc3 16. bxc3 Qxc3 17. e5 g6 18. f4 Nb4 19. Rf3 Bc6 20. Rg3 Nxd3 21. cxd3 Bd5 22. Rf1 Rac8 23. Qh6 Bxb3 24. Rh3 Bd5 25. f5 Qb2 26. Qxh7+ Kf8 27. Rg3 exf5 28. Qh8+ Ke7 29. Qf6+ Ke8 30. Qh8+ Ke7 31. Qf6+ 1/2-1/2

[Event "Nordic-USA"]
[Site "Reykjavik"]
[Date "1986.??.??"]
[Round "2"]
[White "Lombardy, William James"]
[Black "Yrjola, Jouni"]
[Result "0-1"]
[WhiteElo "2470"]
[BlackElo "2440"]
[PlyCount "92"]
[EventDate "1986.??.??"]
[EventType "team"]
[EventRounds "2"]
[EventCountry "ISL"]
[SourceTitle "EXT 1997"]
[Source "ChessBase"]
[SourceDate "1996.11.15"]
[SourceVersion "1"]
[SourceVersionDate "1996.11.15"]
[SourceQuality "1"]

1. e4 c5 2. Nf3 d6 3. c3 Nf6 4. Qc2 Qc7 5. Bb5+ Nbd7 6. 0-0 a6 7. Be2 g6 8. c4 Bg7 9. Nc3 0-0 10. d4 cxd4 11. Nxd4 b6 12. Be3 Bb7 13. Rac1 Rac8 14. f3 e6 15. Qd2 Rcd8 16. b4 Qb8 17. Na4 Rfe8 18. Nb2 Ba8 19. Nd3 Ne5 20. Nb3 d5 21. Bf4 Nxe4 22. Qe3 Nxc4 23. Rxc4 e5 24. Nxe5 Bxe5 25. Bxe5 Rxe5 26. Rxe4 dxe4 27. f4 Re6 28. Bxa6 Qd6 29. Bc4 Rf6 30. a3 Qc7 31. Be2 Rc8 32. Rc1 Qd8 33. Rd1 Qc7 34. Rc1 Qb8 35. Rd1 Qxf4 36. Qxf4 Rxf4 37. Rd6 Rf8 38. Nd4 e3 39. Nc2 Re4 40. Rd7 Bc6 41. Rc7 Ba4 42. Ne1 Rd4 43. Nf3 Rd7 44. Rc3 Re8 45. Kf1 Kf8 46. Ke1 Ree7 0-1

[Event "New York op"]
[Site "New York"]
[Date "1986.??.??"]
[Round "?"]
[White "Remlinger, Larry"]
[Black "Lombardy, William James"]
[Result "0-1"]
[WhiteElo "2380"]
[BlackElo "2470"]
[PlyCount "66"]
[EventDate "1986.03.??"]
[EventType "swiss"]
[EventRounds "9"]
[EventCountry "USA"]
[SourceTitle "EXT 1997"]
[Source "ChessBase"]
[SourceDate "1996.11.15"]
[SourceVersion "1"]
[SourceVersionDate "1996.11.15"]
[SourceQuality "1"]

1. d4 Nf6 2. c4 c5 3. d5 g6 4. Nc3 d6 5. e4 Bg7 6. Nge2 b5 7. cxb5 a6 8. Ng3 0-0 9. bxa6 Bxa6 10. Bxa6 Nxa6 11. 0-0 Qb6 12. Kh1 Nb4 13. f4 Qb7 14. Be3 Rfb8 15. a3 Na6 16. e5 Qxb2 17. Rc1 Ne8 18. f5 Bxe5 19. fxg6 hxg6 20. Nce4 Nf6 21. Nxf6+ exf6 22. Ne4 Nc7 23. Rc2 Qb3 24. Bf4 Bxf4 25. Nxf6+ Kg7 26. Rxf4 Nxd5 27. Rf1 Ne3 28. Qa1 Nxf1 29. Ne8+ Kf8 30. Qh8+ Ke7 31. Re2+ Ne3 32. Qf6+ Kxe8 33. Rxe3+ Qxe3 0-1

[Event "New York op"]
[Site "New York"]
[Date "1986.??.??"]
[Round "?"]
[White "Shirazi, Kamran"]
[Black "Lombardy, William James"]
[Result "1-0"]
[WhiteElo "2430"]
[BlackElo "2470"]
[PlyCount "79"]
[EventDate "1986.03.??"]
[EventType "swiss"]
[EventRounds "9"]
[EventCountry "USA"]
[SourceTitle "EXT 1997"]
[Source "ChessBase"]
[SourceDate "1996.11.15"]
[SourceVersion "1"]
[SourceVersionDate "1996.11.15"]
[SourceQuality "1"]

1. e4 c5 2. Nf3 Nf6 3. e5 Nd5 4. Nc3 Nxc3 5. dxc3 Nc6 6. Bc4 e6 7. Bf4 Qb6 8. Rb1 Qc7 9. 0-0 Be7 10. Qd2 b6 11. Rfe1 h6 12. Rbd1 Bb7 13. Qe2 0-0-0 14. Ba6 Bxa6 15. Qxa6+ Qb7 16. Qxb7+ Kxb7 17. h4 Kc7 18. Rd2 d5 19. h5 b5 20. Kf1 a5 21. a4 bxa4 22. Ra1 Rb8 23. c4 d4 24. c3 dxc3 25. bxc3 Rb3 26. Rc2 a3 27. Bc1 f5 28. exf6 gxf6 29. Nd2 Rb7 30. Nb1 Nb4 31. Rd2 a2 32. Na3 f5 33. Nb5+ Rxb5 34. cxb5 Bf6 35. Bb2 Nd5 36. Rxa2 c4 37. Rxa5 Kb6 38. Ra6+ Kxb5 39. Rxe6 Rd8 40. Rxf6 1-0

[Event "OHRA Open"]
[Site "Amsterdam"]
[Date "1985.07.21"]
[Round "5"]
[White "Haik, Aldo"]
[Black "Lombardy, William James"]
[Result "1-0"]
[WhiteElo "2455"]
[BlackElo "2500"]
[PlyCount "79"]
[EventDate "1985.07.16"]
[EventType "swiss"]
[EventRounds "9"]
[EventCountry "NED"]
[SourceTitle "MCD"]
[Source "ChessBase"]
[SourceDate "1999.07.01"]
[SourceVersion "1"]
[SourceVersionDate "1999.07.01"]
[SourceQuality "1"]

1. d4 Nf6 2. c4 g6 3. Nc3 d5 4. cxd5 Nxd5 5. e4 Nxc3 6. bxc3 Bg7 7. Bc4 0-0 8. Ne2 c5 9. 0-0 Nc6 10. Be3 Na5 11. Bd3 Bg4 12. Rb1 f5 13. exf5 cxd4 14. cxd4 Bxf5 15. Re1 b6 16. Nf4 Qd6 17. g3 Rad8 18. Rb5 Bxd3 19. Qxd3 e5 20. Nd5 Nc6 21. Qb3 Kh8 22. dxe5 Nxe5 23. Rd1 Nf3+ 24. Kg2 Qe6 25. Rb4 Rd7 26. Bf4 Ne5 27. Re4 Qf5 28. Re2 Qh5 29. Rdd2 Rdf7 30. h3 Nc6 31. Qc4 Na5 32. Qe4 Qf5 33. Qa4 g5 34. Bd6 Qf3+ 35. Kg1 Rg8 36. Re8 h6 37. Ne7 Rxe8 38. Qxe8+ Bf8 39. Ng6+ Kg7 40. Ne5 1-0

[Event "OHRA Open"]
[Site "Amsterdam"]
[Date "1985.07.16"]
[Round "1"]
[White "Piket, Jeroen"]
[Black "Lombardy, William James"]
[Result "1-0"]
[WhiteElo "2380"]
[BlackElo "2500"]
[PlyCount "59"]
[EventDate "1985.07.16"]
[EventType "swiss"]
[EventRounds "9"]
[EventCountry "NED"]
[SourceTitle "MCD"]
[Source "ChessBase"]
[SourceDate "1999.07.01"]
[SourceVersion "1"]
[SourceVersionDate "1999.07.01"]
[SourceQuality "1"]

1. d4 d6 2. e4 Nf6 3. Nc3 g6 4. f4 Bg7 5. Nf3 c6 6. Bd3 Bg4 7. Be3 Qb6 8. Qd2 Bxf3 9. gxf3 Nfd7 10. e5 d5 11. 0-0-0 e6 12. h4 h5 13. Rhg1 Bh6 14. f5 Bxe3 15. Qxe3 gxf5 16. Bxf5 Na6 17. Rg7 0-0-0 18. Bh3 Rhf8 19. Qf4 f5 20. exf6 Rxf6 21. Qg5 Rdf8 22. Qxh5 Qd8 23. Qg5 Nc7 24. Bg4 R6f7 25. Rxf7 Rxf7 26. Re1 Qxg5+ 27. hxg5 Nf8 28. Ne2 Kd7 29. Ng3 Rg7 30. f4 1-0

[Event "Vestmannaeyjum"]
[Site "Vestmannaeyjum"]
[Date "1985.??.??"]
[Round "8"]
[White "Asmundsson, Ingvar"]
[Black "Lombardy, William James"]
[Result "1-0"]
[WhiteElo "2400"]
[BlackElo "2500"]
[PlyCount "209"]
[EventDate "1985.??.??"]
[EventType "tourn"]
[EventRounds "13"]
[EventCountry "ISL"]
[EventCategory "8"]
[SourceTitle "MCL"]
[Source "ChessBase"]
[SourceDate "1999.07.01"]
[SourceVersion "1"]
[SourceVersionDate "1999.07.01"]
[SourceQuality "1"]

1. e4 g6 2. d4 Bg7 3. Nf3 d6 4. Be2 Nf6 5. Nc3 0-0 6. 0-0 c6 7. h3 Qc7 8. Be3 e5 9. dxe5 dxe5 10. a4 Nh5 11. Bc4 Nf4 12. Qb1 Qe7 13. a5 Qf6 14. g3 Nxh3+ 15. Kg2 h5 16. Qc1 Bg4 17. Be2 Nd7 18. Rh1 g5 19. Nxg5 Bxe2 20. Rxh3 Bg4 21. Rh4 Bh6 22. Rxg4 hxg4 23. Qd1 Bxg5 24. Qxg4 Qg6 25. Bxg5 f6 26. Qxd7 fxg5 27. Qxb7 Qf6 28. Qb3+ Kg7 29. Nd1 Rad8 30. Qe3 g4 31. Qxa7+ Rf7 32. Qe3 Qg6 33. a6 Qh5 34. Kf1 Rd4 35. Ke2 Rf3 36. a7 Rxe3+ 37. Nxe3 Rd8 38. a8Q Rxa8 39. Rxa8 Qh1 40. Ra7+ Kg6 41. Ra4 Qf3+ 42. Ke1 Qh1+ 43. Ke2 Qf3+ 44. Ke1 Qh1+ 45. Kd2 Qf3 46. Nd1 Kf7 47. Rc4 Qf6 48. Ke1 Qf3 49. b3 Ke7 50. Nb2 Qh1+ 51. Ke2 Qf3+ 52. Ke1 Qh1+ 53. Kd2 Qh6+ 54. Ke2 Qh1 55. Nd3 Kd6 56. Kd2 Qh6+ 57. Kc3 Qh1 58. Kb2 Qg2 59. Ka2 Qh1 60. Kb2 Qg2 61. Rc5 Qxe4 62. Rxe5 Qd4+ 63. Kc1 Qa1+ 64. Kd2 Qd4 65. Rc5 Kc7 66. Rc4 Qd7 67. Kc1 Qf5 68. Rf4 Qe6 69. Nb2 Qh6 70. Nc4 Qh1+ 71. Kd2 Qd5+ 72. Ke2 Qe6+ 73. Ne3 Kb6 74. Rxg4 Kb5 75. Rh4 Qe8 76. Kf3 Qf7+ 77. Kg2 Qe8 78. Kf3 Qf7+ 79. Rf4 Qh5+ 80. Kg2 Qe8 81. g4 c5 82. Rc4 Qe6 83. Kf3 Qf6+ 84. Ke2 Qe7 85. Rf4 Qe5 86. Kf3 Qe7 87. Rf5 Qb7+ 88. Kg3 Qc7+ 89. Kf3 Qh7 90. g5 Kb4 91. Rf4+ Kc3 92. Rg4 Kd2 93. g6 Qb7+ 94. Kg3 Qb8+ 95. Kg2 Qa8+ 96. Kg1 Qa1+ 97. Kh2 Qh8+ 98. Kg3 Qb8+ 99. Kh4 Qh8+ 100. Kg5 Qd8+ 101. Kf5 Qf8+ 102. Ke6 Qe8+ 103. Kd5 Qd7+ 104. Kxc5 Qc7+ 105. Kd4 1-0

[Event "Borgarnes"]
[Site "Borgarnes"]
[Date "1985.??.??"]
[Round "3"]
[White "Mokry, Karel"]
[Black "Lombardy, William James"]
[Result "1/2-1/2"]
[WhiteElo "2490"]
[BlackElo "2500"]
[PlyCount "27"]
[EventDate "1985.05.??"]
[EventType "tourn"]
[EventRounds "11"]
[EventCountry "ISL"]
[EventCategory "8"]
[SourceTitle "MCD"]
[Source "ChessBase"]
[SourceDate "1999.07.01"]
[SourceVersion "1"]
[SourceVersionDate "1999.07.01"]
[SourceQuality "1"]

1. e4 e5 2. Nf3 d6 3. d4 exd4 4. Qxd4 c5 5. Qd1 Nc6 6. Nc3 Be7 7. Bf4 Nf6 8. Be2 0-0 9. 0-0 a6 10. Re1 Be6 11. Ng5 Bc8 12. Nf3 Be6 13. Ng5 Bc8 14. Nf3 1/2-1/2

[Event "Vestmannaeyjum"]
[Site "Vestmannaeyjum"]
[Date "1985.??.??"]
[Round "7"]
[White "Olafsson, Helgi"]
[Black "Lombardy, William James"]
[Result "1/2-1/2"]
[WhiteElo "2515"]
[BlackElo "2500"]
[PlyCount "73"]
[EventDate "1985.??.??"]
[EventType "tourn"]
[EventRounds "13"]
[EventCountry "ISL"]
[EventCategory "8"]
[SourceTitle "MCL"]
[Source "ChessBase"]
[SourceDate "1999.07.01"]
[SourceVersion "1"]
[SourceVersionDate "1999.07.01"]
[SourceQuality "1"]

1. d4 Nf6 2. Nf3 d5 3. c4 c6 4. Nc3 e6 5. Bg5 Nbd7 6. e3 Qa5 7. cxd5 Nxd5 8. Qd2 N7b6 9. Bd3 Na4 10. 0-0 Naxc3 11. a3 f6 12. e4 Nb6 13. Be3 c5 14. Rfc1 c4 15. Bf1 Bd7 16. Qxc3 Qxc3 17. Rxc3 Na4 18. Rxc4 Nxb2 19. Rc7 b5 20. Ra2 Nc4 21. Bxc4 bxc4 22. Rxc4 Rb8 23. Rc1 Bd6 24. e5 Be7 25. exf6 gxf6 26. d5 Rb7 27. dxe6 Bxe6 28. Raa1 Kf7 29. Nd4 Bd7 30. Nc6 Rc8 31. Nxe7 Rxc1+ 32. Rxc1 Kxe7 33. h3 a6 34. Kh2 Kf7 35. Rc5 Rb3 36. Ra5 Bb5 37. a4 1/2-1/2

[Event "Borgarnes"]
[Site "Borgarnes"]
[Date "1985.??.??"]
[Round "6"]
[White "Thorsteins, Karl"]
[Black "Lombardy, William James"]
[Result "1/2-1/2"]
[WhiteElo "2400"]
[BlackElo "2500"]
[PlyCount "76"]
[EventDate "1985.05.??"]
[EventType "tourn"]
[EventRounds "11"]
[EventCountry "ISL"]
[EventCategory "8"]
[SourceTitle "MCD"]
[Source "ChessBase"]
[SourceDate "1999.07.01"]
[SourceVersion "1"]
[SourceVersionDate "1999.07.01"]
[SourceQuality "1"]

1. d4 Nf6 2. c4 e6 3. Nf3 d5 4. Nc3 Bb4 5. cxd5 exd5 6. Bg5 h6 7. Bxf6 Qxf6 8. Qb3 Qd6 9. a3 Bxc3+ 10. Qxc3 0-0 11. e3 Bf5 12. Be2 Nd7 13. 0-0 Bg4 14. b4 a6 15. Rfc1 c6 16. a4 Nf6 17. Qc5 Ne4 18. Qxd6 Nxd6 19. Rab1 Rfc8 20. h3 Bf5 21. Rb3 a5 22. g4 Bh7 23. Ne5 axb4 24. Rxb4 Rd8 25. Bd3 Bxd3 26. Nxd3 Re8 27. Nc5 Re7 28. Kg2 Ra7 29. Rcb1 g5 30. Rb6 Kg7 31. a5 Rxa5 32. Nxb7 Nxb7 33. Rxb7 Rxb7 34. Rxb7 Ra2 35. Rc7 Rc2 36. Kf3 Kg6 37. Rd7 f6 38. Kg3 h5 1/2-1/2

[Event "Grindavik"]
[Site "Grindavik"]
[Date "1984.??.??"]
[Round "5"]
[White "Gutman, Lev"]
[Black "Lombardy, William James"]
[Result "1-0"]
[WhiteElo "2480"]
[BlackElo "2505"]
[PlyCount "79"]
[EventDate "1984.03.??"]
[EventType "tourn"]
[EventRounds "11"]
[EventCountry "ISL"]
[EventCategory "8"]
[SourceTitle "MCL"]
[Source "ChessBase"]
[SourceDate "1999.07.01"]
[SourceVersion "1"]
[SourceVersionDate "1999.07.01"]
[SourceQuality "1"]

1. Nf3 Nf6 2. g3 g6 3. Bg2 Bg7 4. 0-0 0-0 5. c4 c6 6. d4 d5 7. cxd5 cxd5 8. Nc3 e6 9. b3 Nc6 10. e3 b6 11. Ba3 Re8 12. Qe2 a5 13. Rfc1 Ba6 14. Qd1 Rc8 15. Bf1 Bxf1 16. Qxf1 Ne4 17. Nxe4 dxe4 18. Nd2 e5 19. d5 Qxd5 20. Nc4 Rb8 21. Rd1 Qb5 22. Qg2 Red8 23. Nd6 Qe2 24. Qxe4 Nb4 25. Bxb4 axb4 26. Qxb4 e4 27. Rd2 Qxd2 28. Qxd2 Bxa1 29. Qd5 Rd7 30. Qc6 Ra7 31. a4 f5 32. g4 fxg4 33. Nxe4 Re7 34. Ng5 Be5 35. Qc4+ Kg7 36. Qxg4 Bf6 37. Ne6+ Kf7 38. Qc4 b5 39. axb5 Rb6 40. Nc7+ 1-0

[Event "Grindavik"]
[Site "Grindavik"]
[Date "1984.??.??"]
[Round "11"]
[White "Lombardy, William James"]
[Black "Arnason, Jon Loftur"]
[Result "1/2-1/2"]
[WhiteElo "2505"]
[BlackElo "2500"]
[PlyCount "31"]
[EventDate "1984.03.??"]
[EventType "tourn"]
[EventRounds "11"]
[EventCountry "ISL"]
[EventCategory "8"]
[SourceTitle "MCL"]
[Source "ChessBase"]
[SourceDate "1999.07.01"]
[SourceVersion "1"]
[SourceVersionDate "1999.07.01"]
[SourceQuality "1"]

1. d4 Nf6 2. c4 e6 3. Nc3 Bb4 4. Nf3 b6 5. Bg5 h6 6. Bh4 Bb7 7. e3 g5 8. Bg3 Ne4 9. Qc2 Bxc3+ 10. bxc3 Nxg3 11. fxg3 Nc6 12. Bd3 Qe7 13. 0-0 0-0-0 14. a4 d6 15. e4 Na5 16. Rf2 1/2-1/2

[Event "Neskaupstad"]
[Site "Neskaupstad"]
[Date "1984.??.??"]
[Round "?"]
[White "Lombardy, William James"]
[Black "McCambridge, Vincent"]
[Result "1-0"]
[WhiteElo "2505"]
[BlackElo "2465"]
[PlyCount "81"]
[EventDate "1984.03.??"]
[EventType "tourn"]
[EventRounds "11"]
[EventCountry "ISL"]
[EventCategory "8"]
[SourceTitle "MCD"]
[Source "ChessBase"]
[SourceDate "1999.07.01"]
[SourceVersion "1"]
[SourceVersionDate "1999.07.01"]
[SourceQuality "1"]

1. d4 Nf6 2. c4 e6 3. Nc3 Bb4 4. Nf3 b6 5. Bg5 Bb7 6. e3 h6 7. Bh4 Bxc3+ 8. bxc3 d6 9. Bd3 Nbd7 10. 0-0 Qe7 11. Bxf6 Nxf6 12. Nd2 e5 13. e4 0-0 14. Re1 g6 15. Nf1 Rfe8 16. Qe2 Kg7 17. Ng3 Nh7 18. f4 Qf6 19. fxe5 dxe5 20. Rf1 Qe7 21. Rf2 Rad8 22. Raf1 Rf8 23. d5 Rd6 24. c5 Rf6 25. c6 Bc8 26. Qe3 Rxf2 27. Rxf2 Nf6 28. Be2 Ne8 29. h3 Nd6 30. Kh2 f5 31. exf5 gxf5 32. Bd3 Rf7 33. Nh5+ Kh7 34. g4 e4 35. Be2 Qe5+ 36. Qg3 Qxd5 37. g5 hxg5 38. Qxg5 Qe5+ 39. Rf4 Ne8 40. Kh1 Ng7 41. Bc4 1-0

[Event "Neskaupstad"]
[Site "Neskaupstad"]
[Date "1984.??.??"]
[Round "?"]
[White "Lombardy, William James"]
[Black "Wedberg, Tom"]
[Result "1/2-1/2"]
[WhiteElo "2505"]
[BlackElo "2495"]
[PlyCount "53"]
[EventDate "1984.03.??"]
[EventType "tourn"]
[EventRounds "11"]
[EventCountry "ISL"]
[EventCategory "8"]
[SourceTitle "MCD"]
[Source "ChessBase"]
[SourceDate "1999.07.01"]
[SourceVersion "1"]
[SourceVersionDate "1999.07.01"]
[SourceQuality "1"]

1. g3 c5 2. Bg2 Nc6 3. Nf3 e5 4. d3 g6 5. c4 Bg7 6. Nc3 Nge7 7. h4 h5 8. Ng5 d6 9. a3 0-0 10. Rb1 Rb8 11. b4 b6 12. Nd5 Nxd5 13. cxd5 Nd4 14. e3 Nb5 15. Qb3 Nc7 16. 0-0 cxb4 17. axb4 Bd7 18. Bd2 Qe7 19. Rfc1 Nb5 20. Qa2 Bh6 21. f4 exf4 22. gxf4 Rfc8 23. Rc4 Bg7 24. Rbc1 Re8 25. Qa6 Qf6 26. Qa2 Qe7 27. Kf2 1/2-1/2